Vrcholom bude Orffova Carmina Burana : blížiaci sa 51. ročník medzinárodného festivalu Košická hudobná jar ponúka bohatý a pestrý program

Podrobná bibliografia
Hlavný autor: Kiraľvagová, Dáša (Author)
Médium: Článok
Jazyk:Slovak
Témy:
Zdroj: 1. Košický večer. Korzár 1. 1336-5320 1. Roč. 17 (38), č. 17 (28.4.2006), s. 3
LEADER 00850nab#a2200277#ar4500
001 000079974
003 SVKKK
005 20060726133618.0
008 060607c2006 xo e slo
FMT
038 |a SVKKK 
040 |a SVKKK  |b slo  |e AACR2 
041 0 |a slo 
044 |a xo  |c SK 
080 |a 06.078  |2 1997 
100 1 |a Kiraľvagová, Dáša  |4 aut 
245 1 0 |a Vrcholom bude Orffova Carmina Burana :  |b blížiaci sa 51. ročník medzinárodného festivalu Košická hudobná jar ponúka bohatý a pestrý program  |c Dáša Kiraľvargová 
300 |b Fotogr. 
611 2 4 |a Košická hudobná jar  |n (51. :  |d 2006 :  |c Košice, Slovensko)  |x programy 
773 0 |t Košický večer. Korzár  |x 1336-5320  |g Roč. 17 (38), č. 17 (28.4.2006), s. 3 
957 |a 802 
974 |a Čr 
992 |a RBX 
BAS
852 |a SVKKK  |b BIB 
998 |a REG